Normal view
MARC view
- علم نفس الطفولة
Entry Topical Term
001 - CONTROL NUMBER
- control field: 35173
003 - CONTROL NUMBER IDENTIFIER
- control field: JO-AjAnu
005 - DATE AND TIME OF LATEST TRANSACTION
- control field: 20230606075902.0
008 - FIXED-LENGTH DATA ELEMENTS
- fixed length control field: 230606|| aca||aabn | a|a d
040 ## - CATALOGING SOURCE
- Original cataloging agency: JO-AjAnu
- Transcribing agency: JO-AjAnu
150 ## - HEADING--TOPICAL TERM
- Topical term or geographic name entry element: علم نفس الطفولة
670 ## - SOURCE DATA FOUND
- Source citation: Work cat.: (JO-AjAnu)18062: فالنتين. س.و ؛ ترجمة بركات، محمد خليفة ، ترجمة أسعد، يوسف ميخائيل , author 35172, الطفل الطبيعي = The Normal Child